00302nam a2200121Ia 4500008004000000082001500040100001800055245002700073250000500100260004100105300001200146650002200158210210b1984 xxu||||| |||| 00| 0 eng d a581.6 PANE aPANDEY (B P). aEconomic botany. Ed 3. a aNew DelhibS. Chand & Co. Ltd.c1984 axii,476 aEconomic Botany